|
|
|
|
| LEADER |
00000nam0a2200000 4500 |
| 001 |
303304 |
| 005 |
20231102001605.0 |
| 035 |
|
|
|a (RuTPU)RU\TPU\book\328526
|
| 090 |
|
|
|a 303304
|
| 100 |
|
|
|a 20150901d1982 m y0rusy5003 ca
|
| 101 |
0 |
|
|a rus
|
| 102 |
|
|
|a RU
|
| 105 |
|
|
|a a j 001zy
|
| 200 |
1 |
|
|a Микропроцессоры в системах управления
|e учебное пособие
|f Н. Л. Мысливец, С. В. Шлепков
|g Северо-Западный заочный политехнический институт (СЗПИ), Кафедра автоматики и телемеханики
|
| 210 |
|
|
|a Ленинград
|c Изд-во СЗПИ
|d 1982
|
| 215 |
|
|
|a 79 с.
|c ил.
|
| 320 |
|
|
|a Библиогр.: с. 69
|
| 606 |
1 |
|
|a Автоматические системы управления
|x Вычислительные устройства
|2 stltpush
|3 (RuTPU)RU\TPU\subj\815
|9 29621
|
| 606 |
1 |
|
|a Микропроцессоры
|2 stltpush
|3 (RuTPU)RU\TPU\subj\43715
|9 63175
|
| 610 |
1 |
|
|a автоматика
|
| 610 |
1 |
|
|a микропроцессорные системы
|
| 610 |
1 |
|
|a счисление
|
| 610 |
1 |
|
|a коды
|
| 610 |
1 |
|
|a программное обеспечение
|
| 610 |
1 |
|
|a языки программирования
|
| 610 |
1 |
|
|a микроЭВМ
|
| 610 |
1 |
|
|a учебные пособия
|
| 675 |
|
|
|a 681.51:681.3(075.8)
|v 4
|
| 675 |
|
|
|a 621.325.5-181.48.06(075.8)
|v 3
|
| 700 |
|
1 |
|a Мысливец
|b Н. Л.
|
| 701 |
|
1 |
|a Шлепков
|b С. В.
|
| 712 |
0 |
2 |
|a Северо-Западный заочный политехнический институт (СЗПИ)
|b Кафедра автоматики и телемеханики
|c (Ленинград)
|2 stltpush
|3 (RuTPU)RU\TPU\col\2602
|
| 801 |
|
0 |
|a RU
|b RuMRKP
|c 19950704
|g psbo
|
| 801 |
|
1 |
|a RU
|b 63413507
|c 20150901
|
| 801 |
|
2 |
|a RU
|b 63413507
|c 20170817
|g RCR
|
| 942 |
|
|
|c BK
|